000 00334nam a22001337a 4500
005 20250926133250.0
008 250926b |||||||| |||| 00| 0 eng d
020 _a9290906286
050 _aSB324
_b.65 IRR
245 _aIRRIGTED URBAN VEGETABLE PRODUCTION IN GHANA
260 _bIWMI
_c2006
300 _avii, 150p
942 _2lcc
_cBK
_n0
999 _c7764
_d7764